000 00934naa a2200253 u 4500
001 06376
003 HDC
007 cr bn|---aauu|
008 210123e2008 xx | a z000 s eng d
040 _aHDC
100 _aDATUK SERI ABDULLAH BIN HAJI AHMAD BADAWI
_96767
245 0 _aADDRESS AT THE LAUNCH OF THE INTERNATIONAL SHARI'AH RESEARCH ACADEMY FOR ISLAMIC FINANCE /
_cby DATUK SERI ABDULLAH BIN HAJI AHMAD BADAWI
260 _a[No place] :
_b[publisher not identified],
_c2008
300 _a4 pages
336 _atext
_2rdacontent
337 _acomputer
_2rdamedia
338 _aonline resource
_2rdacarrier
650 _aFinance industry
_96768
650 _aHalal Industry
_9144
650 _aIslamic Finance
_9181
856 _zRequest full-text at [email protected]
942 _2lcc
942 _cSPE
999 _c3700
_d3700